000 00977cab a2200241 4500
001 ABS32716
008 090401t1984 xxu||||| |||| 00| 0 eng d
035 _a(Sirsi) u68405
041 _aeng
100 _aWillson, Roy
245 _aProblems associated with the valuation of spoil heaps
260 _c1984
350 _a0
490 _aLand & Minerals Surveying
_v2(3) March 1984, 125-131(7)
520 _aThe author`s definitions of what constitutes spoil and the legal distinction between freeholds in land and moveable property are followed by cases which have arisen because of the distinction. Valuation of spoil heaps is discussed, as is compensation. Problems particular to spoil heaps, such as the speculative nature of working the heaps, are also included.
650 _aMINERAL VALUATION
650 _aSPOIL HEAPS
650 _aValuation
_96273
690 _aMINING AND MINERALS
690 _aRATING AND VALUATION
942 _n0
948 _c04/03/1997
999 _c42917
_d42917